| 000 | 00885nam a22001817a 4500 | ||
|---|---|---|---|
| 003 | OSt | ||
| 005 | 20260225162801.0 | ||
| 008 | 251118b |||||||| |||| 00| 0 eng d | ||
| 041 | _aEnglish | ||
| 082 | _aPM/DCTA/19 ACC No: 11,992 | ||
| 100 | _aKwasi Amoako-Attah | ||
| 110 | _aMinister Of Roads And Highways | ||
| 245 | _aJoint Memorandum To Parliament By The Minister For Finance (Ken Ofori-Atta) And The Minister Of Roads And Highways (Hon. Kwasi Amoako-Attah) For The Facility Agreements And Commercial Contract For The Design And Construction Of The Tema-Aflao Road (17km) Phase 1 (Service Roads And Interchanges) | ||
| 260 |
_aAccra _bParliament Of Ghana _c2019 |
||
| 300 | _a90p; Tabs | ||
| 650 | _a Facility Agreements And Commercial Contract For The Design And Construction Of The Tema-Aflao Road (17km) Phase 1 (Service Roads And Interchanges) | ||
| 942 |
_2ddc _cMOU _n0 |
||
| 999 |
_c5752 _d5752 |
||